000 00532nam a2200157Ia 4500
003 GCL
008 140319s9999 xx 000 0 ara d
040 _aGCL /
_cGCL
082 0 4 _a091.1
_bأ أ
100 1 _aاكاديمية العلوم السوفيتية
245 1 0 _aابحاث جديدة للمستعربين السوفيت /
_cاكاديمية العلوم السوفيتية
300 _a217 ص
490 _aعلم الاستشراق السوفيتى
_v0
650 0 4 _aالمخطوطات العربية
942 _2ddc
_cBK
999 _c51618
_d51618